000
00252nam a2200109Ia 4500
999
_c
10140
_d
10140
020
_a
9788171949427
100
_a
Kavita Sharma
245
0
_a
Advertising Planning and Decision Making
260
_a
India
_b
S. Chand
_c
2001
300
_a
813
942
_c
BK